| 000 | 00631pam a2200217 a 4500 | ||
|---|---|---|---|
| 001 | 1916327 | ||
| 005 | 20180212040754.0 | ||
| 008 | 850617s1985 caua b 101 0 eng | ||
| 010 | _a 85045059 | ||
| 020 | _a0875896669 | ||
| 040 |
_aDLC _cDLC _dDLC |
||
| 041 | _aeng | ||
| 080 | _a658.406 RAP | ||
| 082 | 0 | 0 |
_a658.406 RAP _219 |
| 100 | _a54 | ||
| 101 | _aMAN | ||
| 245 | 0 | 0 |
_aGaining control of the corporate culture / _c[edited by] Ralph H. Kilmann, Mary J. Saxton, Roy Serpa, and associates. |
| 504 | _aIncludes bibliographies and indexes. | ||
| 906 |
_a7 _bcbc _corignew _d1 _eocip _f19 _gy-gencatlg |
||
| 942 |
_2ddc _cBK |
||
| 999 |
_c42309 _d42309 |
||